Endodontics advances and evidence-Based clinical Guidelines (Record no. 36795)
[ view plain ]
| 000 -LEADER | |
|---|---|
| fixed length control field | 00583nam a22001817a 4500 |
| 005 - DATE AND TIME OF LATEST TRANSACTION | |
| control field | 20241202135007.0 |
| 008 - FIXED-LENGTH DATA ELEMENTS--GENERAL INFORMATION | |
| fixed length control field | 241202b |||||||| |||| 00| 0 eng d |
| 020 ## - INTERNATIONAL STANDARD BOOK NUMBER | |
| ISBN | 9781119553885 |
| 082 ## - DEWEY DECIMAL CLASSIFICATION NUMBER | |
| Classification number | 617.6342 |
| Item number | END |
| 245 ## - TITLE STATEMENT | |
| Title | Endodontics advances and evidence-Based clinical Guidelines |
| Statement of responsibility, etc. | Edited by Hany Mohamed Aly Ahmed ; Paul M. H. Dummer |
| 250 ## - EDITION STATEMENT | |
| Edition statement | 1st ed. |
| 260 ## - PUBLICATION, DISTRIBUTION, ETC. | |
| Place of Publication | India : |
| Name of publisher, distributor, etc. | Wiley & sons ; |
| Date of publication, distribution, etc. | 2022 . |
| 300 ## - PHYSICAL DESCRIPTION | |
| Pages | xxv, 806 p. : |
| 500 ## - GENERAL NOTE | |
| General note | Include Index. |
| 650 ## - SUBJECT ADDED ENTRY--TOPICAL TERM | |
| Subject / Department | Medical / Endodontics |
| 700 ## - ADDED ENTRY--PERSONAL NAME | |
| Personal name | Hany Mohamed Aly Ahmed (Editor) |
| 300 ## - PHYSICAL DESCRIPTION | |
| -- | ill ; |
| -- | 28 cm. |
| 952 ## - LOCATION AND ITEM INFORMATION (KOHA) | |
| -- | 0 |
| -- | 0 |
| Lost status | Damaged status | Collection code | Permanent Location | Current Location | Shelving Location | Date acquired | Full Call Number | Accession No./Barcode | Date last seen | Copy number | item type | Koha item type |
|---|---|---|---|---|---|---|---|---|---|---|---|---|
| Medical | Superior Information Resource Center (SIRC) Superior University- Main Campus | Superior Information Resource Center (SIRC) Superior University- Main Campus | Endodontics | 12/02/2024 | 617.6342 END 2022 | 29787 | 12/02/2024 | 1 | BOOK | BOOK |
